Seguridad, desarrollo y gasto militar /

שמור ב:
מידע ביבליוגרפי
מחבר ראשי: Martínez Uribe, Antonio
פורמט: Texto
תגים: הוספת תג
אין תגיות, היה/י הראשונ/ה לתייג את הרשומה!

MARC

LEADER 00000 a a2200000 04500
001 4986
003
040
100 |a Martínez Uribe, Antonio  
245 |a Seguridad, desarrollo y gasto militar /  |c Antonio Martínez Uribe 
773 |g número 38; páginas 11-13  
999 |c 26204  |d 26204